000 01106nam0a2200349 4500
001 RU\NLR\bibl\1398089
005 20250615203100.0
010 _a978-5-317-01380-1
_9100
021 _aRU
_b2009-43283
_92631
035 _a(nilc)RSL-KNO-004336031
035 _a(NLR Aleph) 001390107
090 _a1156666
_c1156666
100 _a20090529d2006 |||y0rusy50 ca
101 0 _arus
102 _aRU
105 _ay zzzz|||||
200 1 _aСемантико-семиотические основы праздника
_fТ. П. Ванченко
210 _aМосква
_cМАКС Пресс
_d2006
215 _a229, [4] с.
_d21
320 _aБиблиогр.: с. 218-229
606 1 _aПраздники
_9957651
_3RU\NLR\auth\66357130
610 0 _aпраздник
686 _aС555.2,0
_2rubbk
686 _aС555.45,0
_2rubbk
686 _aЧ711.25
700 1 _aВанченко
_bТ. П.
_gТатьяна Петровна
_4070
801 0 _aRU
_bРКП
_c20090529
_grcr
801 1 _aRU
_bРГБ
_c20090529
801 2 _aRU
_bNLR
_c20090805
_grcr
942 _cBOOK
980 _aNB